000 00675nam a22002297a 4500
005 20240227111636.0
008 240227b ||||| |||| 00| 0 eng d
020 _a9789385439605
040 _aIN-DiNC
_cIN-DiNC
041 _dasm
082 _a320.954
_bCON
245 _aConstitutional Government and Democracy in India/
_cby Pankaj Bora and others.
250 _a1st NEP ed.
260 _aJorhat:
_bBidya bhawan,
_c2024.
300 _a321p.
650 _aIndian government and politics
700 _aBora, Pankaj
_eauthor
700 _aRoy, Gautam Chandra
_eauthor
700 _aBaro, Aniruddha Kumar
_eauthor
700 _aGhose, Pallab
_eauthor
942 _2ddc
_cBK
999 _c11764
_d11764